Normal view MARC view

Entry Genre/Form Term

Number of records used in: 1

001 - CONTROL NUMBER

  • control field: 11275

003 - CONTROL NUMBER IDENTIFIER

  • control field: TZ-ArACH

005 - DATE AND TIME OF LATEST TRANSACTION

  • control field: 20130606140341.0

008 - FIXED-LENGTH DATA ELEMENTS

  • fixed length control field: 130606|||a|||||| | ||| d

040 ## - CATALOGING SOURCE

  • Original cataloging agency: TZ-ArACH
  • Transcribing agency: TZ-ArACH

155 ## - HEADING--GENRE/FORM TERM

  • Genre/form term: Collection of essays.

670 ## - SOURCE DATA FOUND

  • Source citation: Work cat.: (TZ-ArACH)2436: Blackwell guide to the philosophy of law and legal theory /, 2005.

670 ## - SOURCE DATA FOUND

  • Source citation: Work cat.: (TZ-ArACH)2436: Blackwell guide to the philosophy of law and legal theory /, 2005.

African Court on Human and Peoples' Rights | For Inquiries Contact » +255 272 510 510